000
00225nam a22000857a 4500
008
161201b xxu||||| |||| 00| 0 eng d
100
_9
1712
_a
Macaw Books
245
_a
Facts and More Transportation
260
_a
USA
_b
Macaw Books
_c
2009
999
_c
4425
_d
4425